| 000 | 00608nam a22002177a 4500 | ||
|---|---|---|---|
| 005 | 20170124110208.0 | ||
| 010 | _a360015 | ||
| 020 | _c00.00 | ||
| 035 | _a360015 | ||
| 037 | _bCen Lib/Ret | ||
| 040 |
_aDPL _bEN |
||
| 082 |
_a181.46 _bVIV |
||
| 100 |
_aVivekananda, Swami _99657 |
||
| 245 |
_aAdvaita Vedanta : _cby Swami Vivekananda _bthe scientific religion / |
||
| 260 |
_aCalcutta _bAdvaita Ashrama _c1962 |
||
| 270 |
_bCalcutta _a5 Chintamani Das Lane |
||
| 300 |
_a73p. _c18cm(Hb) |
||
| 650 |
_aAdvaita _911921 |
||
| 650 |
_aPhilosophy _937697 |
||
| 942 |
_2ddc _cEN _h181.46 _mVIV |
||
| 999 |
_c133353 _d133353 |
||